[Event "DVM U14w 2017"]
[Site "Neumünster GER"]
[Date "2017.12.29"]
[Round "5"]
[White "Chung, Dana"]
[Black "Kublanov, Elizabeth"]
[Result "0-1"]
[Termination "normal"]
[Board "1.3"]
[WhiteElo "1282"]
[BlackElo "1561"]
[WhiteClock "00:22:37"]
[BlackClock "00:00:43"]
[WhiteTeam "Karlsruher SF"]
[BlackTeam "SG Solingen"]
[PlyCount "84"]
[WhiteFideId "16235290"]
[BlackFideId "12944564"]
[EventCountry "GER"]
[EventRounds "7"]
[EventType "team-swiss"]
[EventDate "2017.12.26"]

1. d4 {[%clk 1:30:58]} d5 {[%clk 1:30:49]} 2. c4 {[%clk 1:31:22]} e6 {[%clk
1:31:01]} 3. Nf3 {[%clk 1:31:39]} Nf6 {[%clk 1:30:56]} 4. Nc3 {[%clk 1:31:57]}
Nbd7 {[%clk 1:30:36]} 5. Bf4 {[%clk 1:31:50]} c6 {[%clk 1:26:30]} 6. e3 {[%clk
1:29:09]} Nh5 {[%clk 1:15:01]} 7. Bg3 {[%clk 1:25:43]} Nxg3 {[%clk 1:09:01]} 8.
hxg3 {[%clk 1:23:53]} Bd6 {[%clk 1:03:03]} 9. Be2 {[%clk 1:22:39]} Qf6 {[%clk
0:56:21]} 10. c5 {[%clk 1:18:26]} Bc7 {[%clk 0:53:05]} 11. Qc2 {[%clk 1:15:25]}
Nf8 {[%clk 0:47:12]} 12. Bd3 {[%clk 1:13:29]} Ng6 {[%clk 0:47:00]} 13. Ne2
{[%clk 1:10:07]} Bd7 {[%clk 0:33:37]} 14. a3 {[%clk 1:06:14]} b6 {[%clk
0:29:17]} 15. b4 {[%clk 1:02:56]} bxc5 {[%clk 0:28:59]} 16. bxc5 {[%clk
1:02:05]} Ba5+ {[%clk 0:28:03]} 17. Nd2 {[%clk 0:59:41]} e5 {[%clk 0:23:45]}
18. Qc1 {[%clk 0:47:43]} e4 {[%clk 0:20:17]} 19. Bc2 {[%clk 0:47:22]} h5 {[%clk
0:14:23]} 20. Nf4 {[%clk 0:45:48]} Nxf4 {[%clk 0:13:10]} 21. gxf4 {[%clk
0:45:18]} Qg6 {[%clk 0:08:29]} 22. Rg1 {[%clk 0:43:10]} h4 {[%clk 0:07:47]} 23.
Ke2 {[%clk 0:42:48]} Qh5+ {[%clk 0:05:20]} 24. f3 {[%clk 0:42:18]} h3 {[%clk
0:04:11]} 25. Kf2 {[%clk 0:35:26]} hxg2 {[%clk 0:03:28]} 26. Rxg2 {[%clk
0:35:05]} Bxd2 {[%clk 0:03:17]} 27. Qxd2 {[%clk 0:34:32]} Qxf3+ {[%clk
0:02:58]} 28. Kg1 {[%clk 0:32:34]} Qh3 {[%clk 0:01:32]} 29. Rh2 {[%clk
0:32:04]} Qg3+ {[%clk 0:01:22]} 30. Qg2 {[%clk 0:31:24]} Qxe3+ {[%clk 0:01:32]}
31. Qf2 {[%clk 0:30:04]} Qxf2+ {[%clk 0:01:18]} 32. Rxf2 {[%clk 0:30:20]} Ke7
{[%clk 0:01:34]} 33. Rb1 {[%clk 0:28:18]} Rh3 {[%clk 0:01:13]} 34. Rb3 {[%clk
0:27:22]} Rah8 {[%clk 0:00:49]} 35. a4 {[%clk 0:26:00]} Rh1+ {[%clk 0:00:35]}
36. Kg2 {[%clk 0:25:19]} R1h2+ {[%clk 0:00:51]} 37. Kg1 {[%clk 0:25:30]} Rxf2
{[%clk 0:01:13]} 38. Kxf2 {[%clk 0:25:48]} Rh2+ {[%clk 0:01:36]} 39. Ke3 {[%clk
0:25:40]} Rxc2 {[%clk 0:01:50]} 40. Rb1 {[%clk 0:24:14]} Bg4 {[%clk 0:01:30]}
41. Re1 {[%clk 0:24:00]} Ra2 {[%clk 0:00:46]} 42. a5 {[%clk 0:22:37]} f5 {[%clk
0:00:43]} 0-1

[Event "DVM U14w 2017"]
[Site "Neumünster GER"]
[Date "2017.12.29"]
[Round "5"]
[White "Bashylina, Luisa"]
[Black "Shevchenko, Alyona"]
[Result "1-0"]
[Termination "normal"]
[Board "1.4"]
[WhiteElo "1700"]
[BlackElo "1176"]
[WhiteClock "00:48:58"]
[BlackClock "00:21:13"]
[WhiteTeam "SG Solingen"]
[BlackTeam "Karlsruher SF"]
[PlyCount "83"]
[WhiteFideId "12983292"]
[BlackFideId "12983420"]
[EventCountry "GER"]
[EventRounds "7"]
[EventType "team-swiss"]
[EventDate "2017.12.26"]

1. e4 {[%clk 1:30:58]} c6 {[%clk 1:30:57]} 2. Nf3 {[%clk 1:31:19]} d5 {[%clk
1:31:21]} 3. exd5 {[%clk 1:31:45]} cxd5 {[%clk 1:31:47]} 4. Ne5 {[%clk
1:32:10]} Nf6 {[%clk 1:28:35]} 5. d4 {[%clk 1:32:31]} Nbd7 {[%clk 1:25:18]} 6.
Bd3 {[%clk 1:28:17]} Qc7 {[%clk 1:22:13]} 7. f4 {[%clk 1:26:12]} e6 {[%clk
1:18:05]} 8. O-O {[%clk 1:25:32]} Be7 {[%clk 1:15:45]} 9. c3 {[%clk 1:24:41]}
O-O {[%clk 1:15:18]} 10. Be3 {[%clk 1:22:16]} b6 {[%clk 1:09:05]} 11. Rf3
{[%clk 1:16:51]} Re8 {[%clk 1:04:27]} 12. Rh3 {[%clk 1:14:41]} Nf8 {[%clk
1:04:08]} 13. Nd2 {[%clk 1:12:43]} a5 {[%clk 1:01:01]} 14. Ndf3 {[%clk
1:10:06]} Ba6 {[%clk 0:59:18]} 15. Bc2 {[%clk 1:08:27]} b5 {[%clk 0:56:41]} 16.
Ng5 {[%clk 1:07:49]} Rec8 {[%clk 0:53:28]} 17. Nxh7 {[%clk 1:01:52]} Bd8 {[%clk
0:42:20]} 18. Ng5 {[%clk 1:00:45]} N8d7 {[%clk 0:35:54]} 19. Nexf7 {[%clk
0:59:07]} Kf8 {[%clk 0:35:02]} 20. Nxe6+ {[%clk 0:59:04]} Kxf7 {[%clk 0:34:54]}
21. Nxc7 {[%clk 0:59:26]} Rxc7 {[%clk 0:35:18]} 22. Bf5 {[%clk 0:58:15]} Nb6
{[%clk 0:34:47]} 23. Qd3 {[%clk 0:57:27]} b4 {[%clk 0:34:04]} 24. Bg6+ {[%clk
0:57:36]} Ke7 {[%clk 0:34:14]} 25. Qf5 {[%clk 0:57:30]} Nbd7 {[%clk 0:33:37]}
26. Re1 {[%clk 0:56:23]} Kd6 {[%clk 0:33:25]} 27. Bd2 {[%clk 0:56:03]} Kc6
{[%clk 0:31:28]} 28. cxb4 {[%clk 0:55:19]} axb4 {[%clk 0:31:25]} 29. Re6+
{[%clk 0:54:17]} Kb7 {[%clk 0:31:40]} 30. Rb3 {[%clk 0:54:31]} Kc8 {[%clk
0:30:16]} 31. Rxb4 {[%clk 0:53:09]} Bb7 {[%clk 0:27:30]} 32. Qd3 {[%clk
0:51:04]} Nf8 {[%clk 0:26:11]} 33. Re1 {[%clk 0:49:16]} Nxg6 {[%clk 0:25:31]}
34. Qxg6 {[%clk 0:49:35]} Rxa2 {[%clk 0:25:09]} 35. Qf5+ {[%clk 0:48:44]} Nd7
{[%clk 0:24:51]} 36. Re8 {[%clk 0:48:20]} Ba6 {[%clk 0:23:15]} 37. Qxd5 {[%clk
0:48:06]} Ra1+ {[%clk 0:22:41]} 38. Kf2 {[%clk 0:48:27]} Rf1+ {[%clk 0:23:04]}
39. Kg3 {[%clk 0:48:45]} Rd1 {[%clk 0:20:43]} 40. Qa8+ {[%clk 0:48:58]} Nb8
{[%clk 0:20:59]} 41. Rxb8+ {[%clk 0:48:58]} Kd7 {[%clk 0:21:13]} 42. Rbxd8# 1-0

[Event "DVM U14w 2017"]
[Site "Neumünster GER"]
[Date "2017.12.29"]
[Round "5"]
[White "Rudolph, Eva"]
[Black "Meijerink, Inken"]
[Result "1-0"]
[Termination "normal"]
[Board "2.1"]
[WhiteElo "1757"]
[BlackElo "1638"]
[WhiteClock "00:05:42"]
[BlackClock "00:08:19"]
[WhiteTeam "Düsseldorfer SK"]
[BlackTeam "SK Nordhorn-Blanke"]
[PlyCount "135"]
[WhiteFideId "16200594"]
[BlackFideId "16225465"]
[EventCountry "GER"]
[EventRounds "7"]
[EventType "team-swiss"]
[EventDate "2017.12.26"]

1. e4 {[%clk 1:30:58]} c5 {[%clk 1:30:45]} 2. Nf3 {[%clk 1:31:16]} Nc6 {[%clk
1:31:03]} 3. d4 {[%clk 1:31:34]} cxd4 {[%clk 1:31:19]} 4. Nxd4 {[%clk 1:32:00]}
Nf6 {[%clk 1:31:26]} 5. Nc3 {[%clk 1:32:07]} e5 {[%clk 1:31:39]} 6. Ndb5 {[%clk
1:31:55]} d6 {[%clk 1:31:49]} 7. Bg5 {[%clk 1:31:34]} a6 {[%clk 1:31:46]} 8.
Na3 {[%clk 1:31:17]} b5 {[%clk 1:32:05]} 9. Nd5 {[%clk 1:31:09]} Be7 {[%clk
1:32:19]} 10. Bxf6 {[%clk 1:31:10]} Bxf6 {[%clk 1:32:37]} 11. c4 {[%clk
1:31:13]} b4 {[%clk 1:31:32]} 12. Nc2 {[%clk 1:31:14]} a5 {[%clk 1:25:53]} 13.
g3 {[%clk 1:30:40]} Bg5 {[%clk 1:24:52]} 14. Bg2 {[%clk 1:29:43]} O-O {[%clk
1:24:53]} 15. O-O {[%clk 1:29:45]} Be6 {[%clk 1:24:32]} 16. b3 {[%clk 1:24:51]}
Ne7 {[%clk 1:21:30]} 17. Nce3 {[%clk 1:16:26]} Rc8 {[%clk 1:17:52]} 18. h4
{[%clk 1:07:02]} Bh6 {[%clk 1:17:20]} 19. Qd3 {[%clk 1:05:22]} g6 {[%clk
1:11:51]} 20. Rad1 {[%clk 1:01:05]} Bg7 {[%clk 1:08:09]} 21. Nxe7+ {[%clk
0:56:19]} Qxe7 {[%clk 1:05:09]} 22. Qxd6 {[%clk 0:54:32]} Qxd6 {[%clk 1:01:54]}
23. Rxd6 {[%clk 0:54:34]} Rc5 {[%clk 0:59:48]} 24. Rfd1 {[%clk 0:51:45]} Ra8
{[%clk 0:56:29]} 25. Rd8+ {[%clk 0:41:23]} Rxd8 {[%clk 0:56:40]} 26. Rxd8+
{[%clk 0:41:42]} Bf8 {[%clk 0:57:01]} 27. h5 {[%clk 0:35:33]} Rc8 {[%clk
0:41:08]} 28. Rd3 {[%clk 0:26:08]} Bc5 {[%clk 0:38:32]} 29. Nd5 {[%clk
0:23:53]} Bxd5 {[%clk 0:34:01]} 30. Rxd5 {[%clk 0:17:16]} f6 {[%clk 0:32:45]}
31. Bh3 {[%clk 0:14:19]} Rc6 {[%clk 0:27:17]} 32. Be6+ {[%clk 0:06:18]} Kf8
{[%clk 0:25:04]} 33. Bd7 {[%clk 0:05:26]} Rc7 {[%clk 0:23:56]} 34. Bg4 {[%clk
0:03:18]} Ke7 {[%clk 0:17:32]} 35. Kg2 {[%clk 0:03:17]} Bb6 {[%clk 0:09:36]}
36. Rb5 {[%clk 0:02:26]} Rc6 {[%clk 0:04:02]} 37. Kf3 {[%clk 0:01:58]} g5
{[%clk 0:00:32]} 38. Bf5 {[%clk 0:01:21]} h6 {[%clk 0:00:58]} 39. Rd5 {[%clk
0:00:54]} Rd6 {[%clk 0:01:23]} 40. Bc8 {[%clk 0:00:38]} Rxd5 {[%clk 0:01:41]}
41. exd5 {[%clk 0:29:21]} Bc5 {[%clk 0:31:56]} 42. Ke2 {[%clk 0:29:20]} e4
{[%clk 0:24:43]} 43. Bf5 {[%clk 0:28:45]} e3 {[%clk 0:23:56]} 44. fxe3 {[%clk
0:18:38]} Kd6 {[%clk 0:22:41]} 45. Kd3 {[%clk 0:18:46]} Ke5 {[%clk 0:22:57]}
46. g4 {[%clk 0:17:37]} Bd6 {[%clk 0:20:19]} 47. Bd7 {[%clk 0:14:59]} Bc5
{[%clk 0:20:07]} 48. Be6 {[%clk 0:15:12]} Bd6 {[%clk 0:17:30]} 49. c5 {[%clk
0:12:51]} Bxc5 {[%clk 0:17:45]} 50. Kc4 {[%clk 0:12:00]} Bxe3 {[%clk 0:16:08]}
51. Kb5 {[%clk 0:11:13]} f5 {[%clk 0:13:27]} 52. gxf5 {[%clk 0:04:09]} g4
{[%clk 0:11:09]} 53. f6 {[%clk 0:04:26]} Kxf6 {[%clk 0:11:25]} 54. Bxg4 {[%clk
0:04:43]} Ke5 {[%clk 0:11:19]} 55. Kc6 {[%clk 0:04:15]} Kd4 {[%clk 0:11:08]}
56. d6 {[%clk 0:04:11]} Kc3 {[%clk 0:10:54]} 57. d7 {[%clk 0:04:06]} Bg5 {[%clk
0:11:01]} 58. Kc7 {[%clk 0:04:06]} Kb2 {[%clk 0:10:53]} 59. d8=Q {[%clk
0:04:13]} Bxd8+ {[%clk 0:11:20]} 60. Kxd8 {[%clk 0:04:35]} Kxa2 {[%clk
0:11:26]} 61. Be6 {[%clk 0:04:45]} Kb2 {[%clk 0:09:38]} 62. Ke7 {[%clk
0:05:00]} Kc3 {[%clk 0:09:50]} 63. Kf6 {[%clk 0:04:35]} Kd4 {[%clk 0:09:20]}
64. Kg6 {[%clk 0:04:35]} Ke5 {[%clk 0:09:12]} 65. Bc4 {[%clk 0:04:46]} Kf4
{[%clk 0:08:17]} 66. Kxh6 {[%clk 0:04:58]} Kf5 {[%clk 0:08:40]} 67. Kg7 {[%clk
0:05:17]} Kg5 {[%clk 0:08:19]} 68. h6 {[%clk 0:05:42]} 1-0

[Event "DVM U14w 2017"]
[Site "Neumünster GER"]
[Date "2017.12.29"]
[Round "5"]
[White "Reichelt, Lena"]
[Black "Sokolowski, Judith"]
[Result "1/2-1/2"]
[Termination "normal"]
[Board "2.2"]
[WhiteElo "1495"]
[BlackElo "1351"]
[WhiteClock "00:05:48"]
[BlackClock "00:09:03"]
[WhiteTeam "SK Nordhorn-Blanke"]
[BlackTeam "Düsseldorfer SK"]
[PlyCount "86"]
[WhiteFideId "12981184"]
[BlackFideId "16200624"]
[EventCountry "GER"]
[EventRounds "7"]
[EventType "team-swiss"]
[EventDate "2017.12.26"]

1. d4 {[%clk 1:30:57]} d5 {[%clk 1:30:54]} 2. Nf3 {[%clk 1:31:19]} Nf6 {[%clk
1:31:17]} 3. e3 {[%clk 1:31:41]} e6 {[%clk 1:31:35]} 4. Bd3 {[%clk 1:31:51]} c5
{[%clk 1:30:19]} 5. c3 {[%clk 1:31:37]} Be7 {[%clk 1:25:13]} 6. Nbd2 {[%clk
1:31:04]} Nbd7 {[%clk 1:21:42]} 7. O-O {[%clk 1:29:30]} Qc7 {[%clk 1:19:29]} 8.
Re1 {[%clk 1:26:16]} O-O {[%clk 1:17:07]} 9. dxc5 {[%clk 1:19:38]} Nxc5 {[%clk
1:14:34]} 10. Bc2 {[%clk 1:17:44]} Rd8 {[%clk 1:10:02]} 11. Qe2 {[%clk
1:14:24]} Bd7 {[%clk 1:04:57]} 12. e4 {[%clk 1:12:04]} dxe4 {[%clk 1:02:03]}
13. Nxe4 {[%clk 1:12:20]} Ncxe4 {[%clk 0:55:53]} 14. Bxe4 {[%clk 1:11:57]} Nxe4
{[%clk 0:55:37]} 15. Qxe4 {[%clk 1:12:16]} Bc6 {[%clk 0:54:56]} 16. Qe2 {[%clk
1:10:25]} Bd6 {[%clk 0:47:39]} 17. h3 {[%clk 1:09:50]} Rac8 {[%clk 0:41:19]}
18. Be3 {[%clk 1:04:44]} b6 {[%clk 0:40:31]} 19. Nd4 {[%clk 1:02:43]} Bc5
{[%clk 0:33:17]} 20. Nxc6 {[%clk 1:00:15]} Qxc6 {[%clk 0:33:42]} 21. Bxc5
{[%clk 0:58:21]} Qxc5 {[%clk 0:33:48]} 22. Rad1 {[%clk 0:58:05]} Qa5 {[%clk
0:29:48]} 23. a3 {[%clk 0:56:51]} Qa4 {[%clk 0:28:35]} 24. Kf1 {[%clk 0:52:37]}
h6 {[%clk 0:27:27]} 25. Kg1 {[%clk 0:52:11]} Qb3 {[%clk 0:25:09]} 26. Kf1
{[%clk 0:46:32]} Rd5 {[%clk 0:19:19]} 27. Rxd5 {[%clk 0:45:01]} Qxd5 {[%clk
0:19:25]} 28. Rd1 {[%clk 0:44:50]} Qc6 {[%clk 0:18:13]} 29. Qd3 {[%clk
0:40:43]} Qa4 {[%clk 0:14:02]} 30. Qd7 {[%clk 0:23:07]} Qc4+ {[%clk 0:13:40]}
31. Kg1 {[%clk 0:20:58]} Qc7 {[%clk 0:13:11]} 32. Qxc7 {[%clk 0:18:23]} Rxc7
{[%clk 0:13:32]} 33. Rd8+ {[%clk 0:17:20]} Kh7 {[%clk 0:13:59]} 34. Kf1 {[%clk
0:17:29]} Kg6 {[%clk 0:14:05]} 35. Ke2 {[%clk 0:17:10]} Rc5 {[%clk 0:13:54]}
36. Rd7 {[%clk 0:14:11]} Rb5 {[%clk 0:12:09]} 37. b4 {[%clk 0:12:25]} Re5+
{[%clk 0:09:43]} 38. Kd2 {[%clk 0:05:48]} Rd5+ {[%clk 0:07:13]} 39. Rxd5 {[%clk
0:05:53]} exd5 {[%clk 0:07:42]} 40. Kd3 {[%clk 0:06:04]} Kf6 {[%clk 0:08:09]}
41. Kd4 {[%clk 0:05:41]} Ke6 {[%clk 0:08:38]} 42. c4 {[%clk 0:05:22]} dxc4
{[%clk 0:08:53]} 43. Kxc4 {[%clk 0:05:48]} a6 {[%clk 0:09:03]} 1/2-1/2

[Event "DVM U14w 2017"]
[Site "Neumünster GER"]
[Date "2017.12.29"]
[Round "5"]
[White "Kogan, Dina Rachel"]
[Black "Wolterink, Jule"]
[Result "1-0"]
[Termination "normal"]
[Board "2.3"]
[WhiteElo "1345"]
[BlackElo "1299"]
[WhiteClock "00:28:27"]
[BlackClock "00:31:46"]
[WhiteTeam "Düsseldorfer SK"]
[BlackTeam "SK Nordhorn-Blanke"]
[PlyCount "105"]
[WhiteFideId "16200608"]
[BlackFideId "12981206"]
[EventCountry "GER"]
[EventRounds "7"]
[EventType "team-swiss"]
[EventDate "2017.12.26"]

1. e4 {[%clk 1:30:56]} c5 {[%clk 1:30:56]} 2. Nc3 {[%clk 1:30:58]} g6 {[%clk
1:31:18]} 3. g3 {[%clk 1:31:16]} Bg7 {[%clk 1:31:30]} 4. Bg2 {[%clk 1:31:32]}
d6 {[%clk 1:31:41]} 5. d3 {[%clk 1:31:45]} Nc6 {[%clk 1:31:49]} 6. f4 {[%clk
1:31:17]} e6 {[%clk 1:32:03]} 7. Nf3 {[%clk 1:31:29]} Nge7 {[%clk 1:32:17]} 8.
O-O {[%clk 1:31:12]} O-O {[%clk 1:32:35]} 9. Bd2 {[%clk 1:25:47]} Rb8 {[%clk
1:31:00]} 10. Qc1 {[%clk 1:21:36]} b5 {[%clk 1:29:28]} 11. h3 {[%clk 1:20:22]}
b4 {[%clk 1:27:36]} 12. Ne2 {[%clk 1:20:42]} a5 {[%clk 1:26:33]} 13. Rb1 {[%clk
1:20:38]} a4 {[%clk 1:22:53]} 14. a3 {[%clk 1:20:46]} b3 {[%clk 1:20:24]} 15.
c3 {[%clk 1:20:38]} Ba6 {[%clk 1:20:19]} 16. c4 {[%clk 1:14:09]} d5 {[%clk
1:09:41]} 17. e5 {[%clk 1:11:48]} dxc4 {[%clk 1:08:00]} 18. dxc4 {[%clk
1:10:35]} Qd3 {[%clk 1:07:31]} 19. Rf2 {[%clk 1:02:06]} Nd4 {[%clk 1:01:31]}
20. Nfxd4 {[%clk 0:58:30]} cxd4 {[%clk 0:59:57]} 21. Bb4 {[%clk 0:58:16]} Rfe8
{[%clk 0:55:39]} 22. Qd1 {[%clk 0:57:19]} Qxd1+ {[%clk 0:52:23]} 23. Rxd1
{[%clk 0:57:42]} Nf5 {[%clk 0:52:41]} 24. Bc6 {[%clk 0:54:54]} Rec8 {[%clk
0:51:35]} 25. Bxa4 {[%clk 0:54:04]} Rxc4 {[%clk 0:49:02]} 26. Bxb3 {[%clk
0:49:24]} Rcxb4 {[%clk 0:47:52]} 27. axb4 {[%clk 0:49:47]} Rxb4 {[%clk
0:48:17]} 28. Bc2 {[%clk 0:48:33]} Bxe2 {[%clk 0:47:27]} 29. Rxe2 {[%clk
0:48:12]} Rxb2 {[%clk 0:47:45]} 30. Rd3 Ne3 {[%clk 0:43:35]} 31. Rdd2 {[%clk
0:39:16]} Bf8 {[%clk 0:42:28]} 32. Be4 {[%clk 0:36:34]} Rxd2 {[%clk 0:41:42]}
33. Rxd2 {[%clk 0:36:57]} Nf5 {[%clk 0:40:48]} 34. Bxf5 {[%clk 0:36:26]} exf5
{[%clk 0:41:06]} 35. Kg2 {[%clk 0:36:36]} Bc5 {[%clk 0:41:04]} 36. Kf3 {[%clk
0:35:29]} Kg7 {[%clk 0:41:05]} 37. g4 {[%clk 0:34:54]} fxg4+ {[%clk 0:37:58]}
38. hxg4 {[%clk 0:34:31]} Bb6 {[%clk 0:37:46]} 39. f5 {[%clk 0:30:35]} Bc7
{[%clk 0:33:26]} 40. f6+ {[%clk 0:30:17]} Kh6 {[%clk 0:32:43]} 41. Kf4 {[%clk
0:30:35]} Bxe5+ {[%clk 0:32:04]} 42. Kxe5 {[%clk 0:30:54]} Kg5 {[%clk 0:32:23]}
43. Rxd4 {[%clk 0:30:59]} h6 {[%clk 0:32:05]} 44. Rc4 {[%clk 0:30:05]} Kh4
{[%clk 0:30:39]} 45. Kf4 {[%clk 0:27:48]} Kh3 {[%clk 0:29:43]} 46. Rc7 {[%clk
0:28:04]} h5 {[%clk 0:29:51]} 47. gxh5 {[%clk 0:27:57]} gxh5 {[%clk 0:30:14]}
48. Rxf7 {[%clk 0:28:23]} h4 {[%clk 0:30:35]} 49. Rh7 {[%clk 0:28:45]} Kh2
{[%clk 0:30:54]} 50. f7 {[%clk 0:28:31]} h3 {[%clk 0:31:10]} 51. f8=Q {[%clk
0:28:40]} Kh1 {[%clk 0:31:30]} 52. Rg7 {[%clk 0:28:27]} h2 {[%clk 0:31:46]} 53.
Qa8# 1-0

[Event "DVM U14w 2017"]
[Site "Neumünster GER"]
[Date "2017.12.29"]
[Round "5"]
[White "Hallfarth, Luise"]
[Black "Orlova, Alicia"]
[Result "1-0"]
[Termination "normal"]
[Board "2.4"]
[WhiteElo "1429"]
[BlackElo "1511"]
[WhiteTeam "SK Nordhorn-Blanke"]
[BlackTeam "Düsseldorfer SK"]
[PlyCount "83"]
[WhiteFideId "16250222"]
[BlackFideId "34154563"]
[EventCountry "GER"]
[EventRounds "7"]
[EventType "team-swiss"]
[EventDate "2017.12.26"]

1. e4 e5 2. d4 exd4 3. Qxd4 Nc6 4. Qe3 d6 5. Nc3 Nf6 6. Bd2 Be6 7. O-O-O Be7 8.
Be2 Ne5 9. Qg3 Rg8 10. f4 Nc4 11. f5 Nxd2 12. fxe6 Ndxe4 13. exf7+ Kxf7 14.
Nxe4 Nxe4 15. Qf3+ Nf6 16. Bc4+ Kf8 17. Bxg8 Kxg8 18. Qxb7 Ng4 19. Qb3+ Kh8 20.
Qf3 Ne5 21. Qd5 Qc8 22. Nf3 Ng4 23. Rhf1 Bf6 24. Rde1 Qb8 25. b3 Qf8 26. h3 Nh6
27. Kb1 Nf7 28. g4 h6 29. h4 Re8 30. Rxe8 Qxe8 31. Re1 Qd7 32. g5 c6 33. Qd3
hxg5 34. hxg5 Nxg5 35. Nxg5 Bxg5 36. Qg6 Be7 37. Qf7 Bh4 38. Qxd7 Bxe1 39. Qxd6
Kh7 40. Qxc6 g5 41. Qh1+ Bh4 42. c4 1-0

[Event "DVM U14w 2017"]
[Site "Neumünster GER"]
[Date "2017.12.29"]
[Round "5"]
[White "Peglau, Mirjam"]
[Black "Basovskiy, Jana"]
[Result "1-0"]
[Termination "normal"]
[Board "3.1"]
[WhiteElo "1642"]
[BlackElo "1788"]
[WhiteClock "00:20:18"]
[BlackClock "00:27:32"]
[WhiteTeam "Schachzentrum Seeblick"]
[BlackTeam "SF Sasbach"]
[PlyCount "119"]
[WhiteFideId "16211138"]
[BlackFideId "16208617"]
[EventCountry "GER"]
[EventRounds "7"]
[EventType "team-swiss"]
[EventDate "2017.12.26"]

1. e4 {[%clk 1:30:58]} c5 {[%clk 1:30:56]} 2. Nf3 {[%clk 1:31:20]} e6 {[%clk
1:31:22]} 3. c4 {[%clk 1:31:43]} Nc6 {[%clk 1:31:03]} 4. Nc3 {[%clk 1:32:01]}
Nf6 {[%clk 1:30:17]} 5. Be2 {[%clk 1:31:40]} Be7 {[%clk 1:29:06]} 6. O-O {[%clk
1:30:44]} O-O {[%clk 1:28:20]} 7. d4 {[%clk 1:31:04]} cxd4 {[%clk 1:25:59]} 8.
Nxd4 {[%clk 1:30:55]} a6 {[%clk 1:19:45]} 9. Be3 {[%clk 1:29:26]} Qc7 {[%clk
1:16:39]} 10. Rc1 {[%clk 1:29:19]} d6 {[%clk 1:15:50]} 11. b3 {[%clk 1:27:23]}
Bd7 {[%clk 1:13:39]} 12. Qd2 {[%clk 1:26:16]} Rac8 {[%clk 1:09:02]} 13. Rfd1
{[%clk 1:25:51]} Qb8 {[%clk 1:07:39]} 14. f3 {[%clk 1:23:18]} Rfd8 {[%clk
1:06:55]} 15. Qe1 {[%clk 1:17:54]} Be8 {[%clk 1:05:38]} 16. Qf2 {[%clk
1:12:28]} Ne5 {[%clk 0:53:43]} 17. Kh1 {[%clk 1:04:48]} d5 {[%clk 0:41:24]} 18.
cxd5 {[%clk 1:01:04]} exd5 {[%clk 0:41:44]} 19. Nxd5 {[%clk 0:44:14]} Nxd5
{[%clk 0:40:58]} 20. exd5 {[%clk 0:42:27]} Rxd5 {[%clk 0:37:30]} 21. Nf5 {[%clk
0:40:01]} Rxd1+ {[%clk 0:36:46]} 22. Rxd1 {[%clk 0:40:03]} Bf8 {[%clk 0:35:27]}
23. Qg3 {[%clk 0:31:34]} Ng6 {[%clk 0:27:55]} 24. Qxb8 {[%clk 0:28:36]} Rxb8
{[%clk 0:27:02]} 25. Bf2 {[%clk 0:26:41]} Rc8 {[%clk 0:23:57]} 26. Bd3 {[%clk
0:23:57]} Nf4 {[%clk 0:20:24]} 27. Be4 {[%clk 0:23:18]} g6 {[%clk 0:17:39]} 28.
Ng3 {[%clk 0:20:36]} b5 {[%clk 0:17:28]} 29. Be3 {[%clk 0:18:29]} Ne6 {[%clk
0:16:49]} 30. Bb7 {[%clk 0:16:55]} Rc2 {[%clk 0:17:04]} 31. Rd2 {[%clk
0:14:30]} Rc1+ {[%clk 0:17:22]} 32. Bg1 {[%clk 0:14:54]} Bh6 {[%clk 0:15:08]}
33. Re2 {[%clk 0:14:14]} a5 {[%clk 0:14:45]} 34. Bd5 {[%clk 0:13:44]} Bd7
{[%clk 0:14:30]} 35. Bxe6 {[%clk 0:11:05]} Bxe6 {[%clk 0:14:35]} 36. Re5 {[%clk
0:10:22]} Ra1 {[%clk 0:10:53]} 37. Rxb5 {[%clk 0:08:06]} Rxa2 {[%clk 0:11:14]}
38. Rb8+ {[%clk 0:07:51]} Bf8 {[%clk 0:11:24]} 39. h3 {[%clk 0:07:40]} Rd2
{[%clk 0:03:27]} 40. Bc5 {[%clk 0:05:03]} Rd1+ {[%clk 0:02:32]} 41. Kh2 {[%clk
0:05:20]} Rb1 {[%clk 0:01:02]} 42. Rxf8+ {[%clk 0:04:42]} Kg7 {[%clk 0:01:25]}
43. Ra8 {[%clk 0:04:28]} Rxb3 {[%clk 0:01:27]} 44. Rxa5 {[%clk 0:04:40]} Rd3
{[%clk 0:01:19]} 45. Ne4 {[%clk 0:02:56]} Bf5 {[%clk 0:01:11]} 46. Nd6 {[%clk
0:01:43]} Bd7 {[%clk 0:30:24]} 47. Ra7 {[%clk 0:31:23]} Be6 {[%clk 0:30:30]}
48. Ne8+ {[%clk 0:30:14]} Kh6 {[%clk 0:30:44]} 49. Bf8+ {[%clk 0:29:20]} Kg5
{[%clk 0:30:50]} 50. Kg3 {[%clk 0:27:17]} Rd4 {[%clk 0:28:58]} 51. h4+ {[%clk
0:24:47]} Kf5 {[%clk 0:28:14]} 52. Ng7+ {[%clk 0:23:48]} Kf6 {[%clk 0:28:01]}
53. Nxe6 {[%clk 0:22:40]} Kxe6 {[%clk 0:28:24]} 54. Ra6+ {[%clk 0:22:41]} Kd7
{[%clk 0:28:24]} 55. Rf6 {[%clk 0:20:49]} Ke8 {[%clk 0:28:41]} 56. Bh6 {[%clk
0:20:34]} Ra4 {[%clk 0:28:25]} 57. Rf4 {[%clk 0:20:51]} Ra2 {[%clk 0:28:25]}
58. h5 {[%clk 0:20:20]} Rc2 {[%clk 0:28:08]} 59. Re4+ {[%clk 0:20:11]} Kd8
{[%clk 0:27:32]} 60. Bg5+ {[%clk 0:20:18]} 1-0

[Event "DVM U14w 2017"]
[Site "Neumünster GER"]
[Date "2017.12.29"]
[Round "5"]
[White "Schneider, Katharina"]
[Black "Peglau, Sarah"]
[Result "1-0"]
[Termination "normal"]
[Board "3.2"]
[WhiteElo "1638"]
[BlackElo "1241"]
[WhiteClock "00:26:33"]
[BlackClock "00:33:06"]
[WhiteTeam "SF Sasbach"]
[BlackTeam "Schachzentrum Seeblick"]
[PlyCount "59"]
[WhiteFideId "16200519"]
[BlackFideId "16219961"]
[EventCountry "GER"]
[EventRounds "7"]
[EventType "team-swiss"]
[EventDate "2017.12.26"]

1. e4 {[%clk 1:30:56]} e6 {[%clk 1:30:55]} 2. d4 {[%clk 1:31:21]} d5 {[%clk
1:31:21]} 3. exd5 {[%clk 1:31:38]} exd5 {[%clk 1:31:45]} 4. Nf3 {[%clk
1:32:01]} Bd6 {[%clk 1:32:01]} 5. h3 {[%clk 1:32:12]} Bf5 {[%clk 1:32:04]} 6.
c4 {[%clk 1:31:33]} c6 {[%clk 1:29:56]} 7. Bd3 {[%clk 1:19:27]} Ne7 {[%clk
1:28:34]} 8. O-O {[%clk 1:19:01]} O-O {[%clk 1:22:14]} 9. Nc3 {[%clk 1:14:48]}
dxc4 {[%clk 1:20:24]} 10. Bxc4 {[%clk 1:13:56]} Nd7 {[%clk 1:19:09]} 11. Re1
{[%clk 1:07:14]} h6 {[%clk 1:16:16]} 12. Ne5 {[%clk 1:00:42]} Qc7 {[%clk
1:01:08]} 13. Bf4 {[%clk 0:54:37]} Ng6 {[%clk 0:54:32]} 14. Nxg6 {[%clk
0:52:45]} Bxg6 {[%clk 0:54:52]} 15. Bxd6 {[%clk 0:51:05]} Qxd6 {[%clk 0:55:16]}
16. Bb3 {[%clk 0:46:37]} Rfe8 {[%clk 0:54:34]} 17. Qg4 {[%clk 0:44:56]} Nb6
{[%clk 0:47:15]} 18. Ne4 {[%clk 0:40:25]} Bxe4 {[%clk 0:46:25]} 19. Rxe4 {[%clk
0:40:39]} Rxe4 {[%clk 0:46:20]} 20. Qxe4 {[%clk 0:40:58]} Rd8 {[%clk 0:46:05]}
21. Rd1 {[%clk 0:39:20]} Nd5 {[%clk 0:44:31]} 22. Bc2 {[%clk 0:35:20]} Nf6
{[%clk 0:42:50]} 23. Qd3 {[%clk 0:35:03]} Qb4 {[%clk 0:41:40]} 24. Qc3 {[%clk
0:32:31]} Nd5 {[%clk 0:40:05]} 25. Qd3 {[%clk 0:29:05]} g6 {[%clk 0:37:35]} 26.
Bb3 {[%clk 0:26:53]} Nc7 {[%clk 0:34:15]} 27. Qxg6+ {[%clk 0:27:06]} Kh8 {[%clk
0:33:46]} 28. Qf6+ {[%clk 0:26:55]} Kh7 {[%clk 0:33:02]} 29. Bc2+ {[%clk
0:26:16]} Kg8 {[%clk 0:33:06]} 30. Qxd8+ {[%clk 0:26:33]} 1-0